LEADER 01436nam a2200313 4500 001 000000348186 003 CaOOAMICUS 005 20211122145229.0 008 211015s2008 it 000 u ita r 020 $a978-88-452-6078-0 040 $aSeMil$bita 100 1 $aZaccuri, Alessandro$b<1963- >.$0(OLS)http://semarc/name/91723 245 10$aIn terra sconsacrata :$bperché l'immaginario è ancora cristiano /$cAlessandro Zaccuri. 264 1$aMilano :$bTascabili Bompiani,$c2008. 300 $a150 p. ;$c20 cm 490 1 $aTascabili Bompiani ;$v392 490 1 $aAgone ;$v5 541 0 $aOmaggio card. Angelo Scola (2C I 719) 650 4$aCristianesimo - Rapporti [con la] Società.$0(OLS)http://semarc/subject/49907 830 0$aTascabili Bompiani ;$v392.$0(OLS)http://semarc/title/7395 830 0$aAgone ;$v5.$0(OLS)http://semarc/title/419322 850 $aSeMil 852 $aSeMil$W1$xVenegono$y1$m2C I 719$j230114$B239225$CSeMilBibl$Z2$F239225 $81 941 1 $a6 961 $aOmaggio card. Angelo Scola. -- Con dedica autografa dell'autore (Alessandro Zaccuri) al card. Angelo Scola (28 aprile 2008) 996 $6020$a978-88-452-6078-0$9(OLS)http://semarc/number/294348 996 $6245$aIn terra sconsacrata :$bperché l'immaginario è ancora cristiano$9(OLS)http://semarc/title/437523 996 $6264$aMilano :$bTascabili Bompiani$9(OLS)http://semarc/publisher/32847 LEADER 00923nam a2200193 i 4500 001 000000235254 003 CaOOAMICUS 005 20141103000000.0 008 141103s1786 it u000 u ita u 013 $a214157 026 $an-ne ine- mae- tivo (3) 1786 (R) 040 $aSeMil$bita 245 10$aTomo 1. 300 $aXIX, [1], 508, [4] p. 500 $aSegn. : a10 A-2G8 2H10 2I4 chi2 (chi1v e chi2 bianche). 773 0 $aDe Serpos, Giovanni$tCompendio storico di memorie cronologiche concernenti la religione e la morale della nazione armena suddita dell'impero ottomano. Opera divisa in sei libri e presentata alla sacra Congregazione di propaganda dal ... Giovanni De Serpos. Tomo 1. [-3.].$dIn Venezia : Nella Stamperia di Carlo Palese, 1786.$g1$w()30864 850 $aSeMil 852 $aSeMil$W1$xVenegono$y1$m3C I 43 FA$j185600$B185600$CSeMilBibl$Z2$F196502 $8I 996 $6245$aTomo 1$9(OLS)http://semarc/title/46685